Central Library OPAC University of Rajshahi

16 MM. Films of the Embassy of the Federal Republic of Germany / (Record no. 28953)

MARC details
000 -LEADER
fixed length control field 00561nam a22002057a 4500
001 - CONTROL NUMBER
control field 28953
003 - CONTROL NUMBER IDENTIFIER
rucl marc code BD-RjUL
005 - DATE AND TIME OF LATEST TRANSACTION
control field 20211209051343.0
008 - FIXED-LENGTH DATA ELEMENTS--GENERAL INFORMATION
fixed length control field 140401b19.. bg |||| |||| 000 0 eng d
035 ## - SYSTEM CONTROL NUMBER
System control number (BD-RjUL) 29037
040 ## - CATALOGING SOURCE
Original cataloging agency BD-RjUL
Language of cataloging eng
Transcribing agency BD-RjUL
041 ## - LANGUAGE CODE
Language code of text/sound track or separate title eng
082 04 - DEWEY DECIMAL CLASSIFICATION NUMBER
Classification number 791.430143
Author mark and year MMF 19..
245 ## - TITLE STATEMENT
Title 16 MM. Films of the Embassy of the Federal Republic of Germany /
260 ## - PUBLICATION, DISTRIBUTION, ETC. (IMPRINT)
Place of publication, distribution, etc. dhaka :
Name of publisher, distributor, etc. Green Road, Dhanmondi
Date of publication, distribution, etc. 19...
300 ## - PHYSICAL DESCRIPTION
Pagination 83 p. ;
Size 19cm.
650 ## - SUBJECT ADDED ENTRY--TOPICAL TERM
Topical term or geographic name as entry element Motion Picture
9 (RLIN) 88521
651 ## - SUBJECT ADDED ENTRY--GEOGRAPHIC NAME
Geographic name Germany
9 (RLIN) 88522
942 ## - ADDED ENTRY ELEMENTS (KOHA)
Source of classification or shelving scheme Dewey Decimal Classification
Koha item type Books
Holdings
Lost status Source of classification or shelving scheme Damaged status Not for loan Collection code Permanent Location Current Location Shelving location Date acquired Source of acquisition Total Checkouts Full call number Date last seen Copy number Koha item type
  Dewey Decimal Classification   Added to bundle Non-fiction Central Library, University of Rajshahi Central Library, University of Rajshahi Reading Room 18/06/1980 Gift   791.430143 MMF 19.. 01/04/2014 C-1 Books